of time and stars (Record no. 24825)

MARC details
000 -LEADER
fixed length control field 00261nam a2200109Ia 4500
082 ## - DEWEY DECIMAL CLASSIFICATION NUMBER
Classification number 82-3
Item number CLA
100 ## - MAIN ENTRY--AUTHOR NAME
Personal name Clarke, A C
245 #0 - TITLE STATEMENT
Title of time and stars
260 ## - PUBLICATION, DISTRIBUTION, ETC. (IMPRINT)
Place of publication London
Name of publisher Victor Gollancz
Year of publication 1975
942 ## - ADDED ENTRY ELEMENTS (KOHA)
Koha item type Books
Holdings
Withdrawn status Lost status Damaged status Not for loan Home library Current library Date acquired Cost, normal purchase price Full call number Accession Number Koha item type
        RRII Library RRII Library 16/12/2021 2.20 82-3 CLA 05495 Books